000 00870nam a2200265Ia 4500
003 OSt
005 20220923211439.0
006 a|||||r|||| 00| 0
007 ta
008 220922b |||||||| |||| 00| 0 hin d
020 _a9789350007600 (hbk)
_c150
024 _a274,115
037 _b98, 05/09/2013, Vani Prakashan
_cTextual
040 _aARTS
_cARTS
_bhin
041 _2hin
_ahin
082 _aO152,3N55x, Q1
100 _aचौहान, सूरजपाल
_9156279
245 0 _aधोखा
246 _aDhokhā
260 _aनई दिल्ली
_b वाणी प्रकाशन
_c2011
300 _a84पृ.
_ccm.
650 _aहिन्दी साहित्य
_9156264
942 _hO152,3N55x, Q1
_cTEXL
_2CC
999 _c299632
_d299632